00860nam a2200241 a 450000100060000000300080000600500170001400800410003103500190007204000230009104100080011405100280012206000230015008200220017324501160019526000790031130000290039065000290041965000410044870000320048971000540052183000430057546366BD-RjUL20211209054137.0160801s1967 fr a 001 0 eng  a(BD-RjUL)46484 aDLCcDLCdNLMbeng aeng aLB1044.7b.I52cCopy 3.00aLB 1043bI61n 1967 a371.335bNEW 196704aThe new media :bmemo to educational planners /cWilbur Schramm ... [et al.] ; with a foreword by René Maheu. aParis :bUnesco ;bInternational Institute for Educational Planning,c1967 a175 p. :bill. ;c24 cm. 0aTelevision in education. 0aNewly independent statesxEducation.1 aSchramm, Wilbur,d1907-19872 aInternational Institute for Educational Planning. 0a[Document] (Unesco) ;vIIEP.66/III.4/A